| 000 | 00893nam a2200253Ia 4500 | ||
|---|---|---|---|
| 003 | OSt | ||
| 005 | 20260318152724.0 | ||
| 008 | 220926b |||||||| |||| 00| 0 eng d | ||
| 020 | _a9780415328265 | ||
| 037 | _cReference Collections | ||
| 040 |
_aRTL _cRTL _beng |
||
| 041 |
_2eng _aeng |
||
| 084 |
_aX:8N91 , P7 _qRTL |
||
| 100 |
_aVAN RIEL Cees B.M. _9374973 |
||
| 245 | 0 | _aEssentials of corporate communication : Implementing practices for effective reputation management | |
| 260 |
_a"London," _b"Routledge, " _c2007 |
||
| 300 |
_axvi , 306 p Index 302-306 p. _bIncludes bibliographical references and index |
||
| 490 | _aUrban Studies Monographs | ||
| 500 | _aBibliography : 284-301 p. | ||
| 700 |
_aVAN RIEL Cees B.M _9374974 _eCo-Author |
||
| 700 |
_a FOMBRUN Charles J. _eCo-Author |
||
| 942 |
_hX:8N91 , P7 _cCC _2CC |
||
| 999 |
_c694614 _d694614 |
||